Statistics for Harry Potter Characters A-Z by Mention (Last Name)

Click here to take the quiz!

General Stats

  • This quiz has been taken 51 times
  • The average score is 15 of 24

Answer Stats

A-ZAnswer#% Correct
GHermione Granger5,486
98%
WRon Weasley6,464
98%
PHarry Potter18,956
96%
SSeverus Snape1,956
93%
DAlbus Dumbledore2,421
91%
MDraco Malfoy1,198
87%
UDolores Umbridge637
80%
HRubeus Hagrid2,024
80%
QQuirinus Quirrell122
76%
LRemus Lupin864
76%
BSirius Black1,471
71%
RTom Riddle1,797
62%
YCorban Yaxley56
60%
ZBlaise Zabini47
58%
AHannah Abbott26
56%
OGarrick Ollivander117
53%
KViktor Krum277
44%
FCornelius Fudge493
40%
TSybill Trelawney262
40%
VRomilda Vane18
36%
CBartemius Crouch, Sr.295
33%
JAngelina Johnson135
29%
EMarietta Edgecombe48
27%
NMrs. Norris59
13%

Score Distribution

Percentile by Number Answered

Percent of People with Each Score

Your Score History

You have not taken this quiz